00710nam a2200217 a 4500001001000000003000500010005001700015008004100032010001100073011001100084020001800095040000900113082001700122100003600139245009300175260008300268300001100351490004100362650004800403830004100451000110488CHAP20220329144135.0140903s2012 mx |r| ||||||spa d a106950 a107922 a9786074015997 cCHAP04a325.203bM931 aMárquez Covarrubias, Humberto10aDiccionario crítico de migración y desarrollo :bpor Humberto Márquez Covarrubias. aMéxico :bUniversidad Autonóma de ZacatecasbMiguel Angel Porrúa,c2012. a361 p.1 aColección desarrollo y migración14aEmigración e inmigraciónvDiccionarios. 0aColección desarrollo y migración